[Event "Asia-ch U20"]
[Site "Tagaytay City"]
[Date "2022.11.23"]
[Round "7"]
[White "Pribadi, Fernanda Agus Saput"]
[Black "Concio, Michael Jr"]
[Result "0-1"]
[WhiteElo "2007"]
[BlackElo "2343"]
[PlyCount "100"]
[EventDate "2022.11.19"]
[EventType "swiss"]
[EventRounds "9"]
[EventCountry "PHI"]
[SourceTitle "CBM 211 Extra"]
[Source "ChessBase"]
[SourceDate "2023.01.31"]
[SourceVersion "1"]
[SourceVersionDate "2023.01.31"]
[SourceQuality "1"]

1. e4 e5 2. Nf3 Nc6 3. Bb5 Nf6 4. 0-0 Nxe4 5. d4 Nd6 6. dxe5 Nxb5 7. a4 Na3 8. Nxa3 Be7 9. Nc4 0-0 10. a5 d5 11. exd6 cxd6 12. Ne3 Nxa5 13. Nd5 Nc6 14. Bf4 Bf6 15. c3 Ne5 16. Nxe5 dxe5 17. Be3 a6 18. Qf3 Be6 19. Nxf6+ Qxf6 20. Qxb7 Rfc8 21. Rxa6 Rab8 22. Qe4 Rxb2 23. c4 Rb4 24. Rc1 h6 25. Ra8 Rxa8 26. Qxa8+ Kh7 27. c5 Qg6 28. Qf3 f5 29. Kf1 f4 30. Bd2 Rd4 31. Qe2 f3 32. Qxf3 Rxd2 33. c6 Bd5 34. Qg3 Qe4 35. Qe3 Qxe3 36. fxe3 Be6 37. c7 Bc8 38. Rc5 Kg6 39. Rxe5 Rc2 40. h3 Rxc7 41. g4 Rc2 42. Kg1 Kf6 43. Rb5 Be6 44. Ra5 Re2 45. Ra3 Kg5 46. Ra7 g6 47. Ra6 Bc4 48. h4+ Kxh4 49. Rc6 Kg3 50. Kf1 Bd3 0-1

[Event "Asia-ch U20"]
[Site "Tagaytay City"]
[Date "2022.11.22"]
[Round "6"]
[White "Hakemi, Arman"]
[Black "Pribadi, Fernanda Agus Saput"]
[Result "1-0"]
[WhiteElo "2412"]
[BlackElo "2007"]
[PlyCount "97"]
[EventDate "2022.11.19"]
[EventType "swiss"]
[EventRounds "9"]
[EventCountry "PHI"]
[SourceTitle "CBM 211 Extra"]
[Source "ChessBase"]
[SourceDate "2023.01.31"]
[SourceVersion "1"]
[SourceVersionDate "2023.01.31"]
[SourceQuality "1"]

1. d4 Nf6 2. Nf3 e6 3. g3 d5 4. Bg2 Be7 5. 0-0 0-0 6. c4 dxc4 7. Qc2 a6 8. a4 Bd7 9. Qxc4 Bc6 10. Bg5 b5 11. Qc1 Qc8 12. Nbd2 bxa4 13. Qc2 Bb5 14. Ne4 Nbd7 15. Ne5 Rb8 16. Rfc1 h6 17. Bxf6 Bxf6 18. Nxf6+ gxf6 19. Nc6 Bxc6 20. Bxc6 Nb6 21. e3 Rd8 22. Ra3 Nd5 23. Bxa4 Rd6 24. Bb3 Qb7 25. Qc5 Kg7 26. Rc2 Nb4 27. Rd2 f5 28. Qe5+ f6 29. Qc5 Kg6 30. Qc4 Nd5 31. Qe2 Nb4 32. Bc4 Rbd8 33. h3 c5 34. g4 fxg4 35. e4 Kh7 36. Rg3 h5 37. hxg4 cxd4 38. e5 d3 39. Qe3 fxe5 40. Qxe5 Qg7 41. Qxh5+ Kg8 42. Re3 Qf6 43. g5 Qf5 44. Rf3 Qh7 45. Qg4 Re8 46. Rf6 Nd5 47. Rxd3 Nxf6 48. gxf6+ Kh8 49. f7 1-0

[Event "Asia-ch U20"]
[Site "Tagaytay City"]
[Date "2022.11.21"]
[Round "4"]
[White "Pribadi, Fernanda Agus Saput"]
[Black "Dziththauly, Ramadhan"]
[Result "0-1"]
[WhiteElo "2007"]
[BlackElo "2194"]
[PlyCount "76"]
[EventDate "2022.11.19"]
[EventType "swiss"]
[EventRounds "9"]
[EventCountry "PHI"]
[SourceTitle "CBM 211 Extra"]
[Source "ChessBase"]
[SourceDate "2023.01.31"]
[SourceVersion "1"]
[SourceVersionDate "2023.01.31"]
[SourceQuality "1"]

1. e4 c5 2. Nf3 d6 3. d4 cxd4 4. Nxd4 Nf6 5. Nc3 a6 6. Be3 e5 7. Nb3 Be6 8. f3 Nbd7 9. Qd2 h5 10. Nd5 Nxd5 11. exd5 Bf5 12. Be2 Be7 13. c4 0-0 14. Na5 Qc7 15. 0-0 Nf6 16. h3 h4 17. b4 Nh5 18. Rfd1 Ng3 19. Rac1 Qd7 20. Bf1 Bd8 21. Bg5 e4 22. Bxd8 Raxd8 23. fxe4 Bxe4 24. Qf4 Qe7 25. c5 g5 26. Qd2 f6 27. c6 b5 28. Qd4 Qc7 29. a4 Rde8 30. axb5 axb5 31. Bxb5 f5 32. Kh2 f4 33. Re1 f3 34. gxf3 Rxf3 35. Rc2 Qc8 36. c7 Ne2 37. Rcxe2 Qxh3+ 38. Kg1 Rg3+ 0-1

[Event "Asia-ch U20"]
[Site "Tagaytay City"]
[Date "2022.11.19"]
[Round "1"]
[White "Pribadi, Fernanda Agus Saput"]
[Black "Neelash, Saha"]
[Result "0-1"]
[WhiteElo "2007"]
[BlackElo "2436"]
[PlyCount "120"]
[EventDate "2022.11.19"]
[EventType "swiss"]
[EventRounds "9"]
[EventCountry "PHI"]
[SourceTitle "CBM 211 Extra"]
[Source "ChessBase"]
[SourceDate "2023.01.31"]
[SourceVersion "1"]
[SourceVersionDate "2023.01.31"]
[SourceQuality "1"]

1. e4 e6 2. d4 d5 3. Nd2 Be7 4. Bd3 c5 5. dxc5 Nf6 6. Qe2 0-0 7. Ngf3 Na6 8. e5 Nd7 9. c6 Ndc5 10. cxb7 Bxb7 11. 0-0 Nb4 12. Rd1 Rc8 13. Nb3 Nbxd3 14. cxd3 Nxb3 15. axb3 d4 16. Rxa7 Qd5 17. Ra4 Bc5 18. Rc4 Ba6 19. Ng5 h6 20. Nh3 Qb7 21. Ra4 Bb5 22. Ra1 f5 23. Nf4 Bd7 24. Nh5 Qxb3 25. Bxh6 gxh6 26. Nf6+ Rxf6 27. exf6 Kh7 28. Rdc1 Qd5 29. b4 Rg8 30. f3 Bb6 31. Rc4 Kg6 32. Qd2 Bb5 33. Rc2 Qe5 34. f7 Kxf7 35. Re1 Qf6 36. Qf4 Rd8 37. Re5 Ba4 38. Rc1 Qg5 39. Qxg5 hxg5 40. g4 Kf6 41. Rce1 Rd6 42. gxf5 exf5 43. Re7 Bb5 44. Rh7 Kg6 45. Ree7 Bd8 46. Rhg7+ Kh5 47. Rh7+ Rh6 48. Rxh6+ Kxh6 49. Re5 Bxd3 50. b5 Kh5 51. Re6 Bxb5 52. Re5 Bd3 53. Kg2 Bc2 54. Rd5 Bf6 55. Kf2 d3 56. h4 gxh4 57. Rxf5+ Kg6 58. Rd5 Bg5 59. Rd6+ Kh5 60. Rd5 d2 0-1